La vida histórica.

Guardat en:
Dades bibliogràfiques
Autor principal: Romero, José Luis (selección, notas, cronología)
Altres autors: Romero, Luis Alberto (compilación de ensayos)
Format: Desconegut
Idioma:anglès
Publicat: Buenos Aires, Argentina: Siglo XXI Editores, 2008.
Edició:Primera edición.
Col·lecció:Historia y cultura.
Matèries:
Etiquetes: Afegir etiqueta
Sense etiquetes, Sigues el primer a etiquetar aquest registre!

MARC

LEADER 00000 a2200000 4500
003 CL-VaPUC
005 20220909120012.0
008 220902t2008 ||||| |||| 00| 0 eng d
999 |c 436358  |d 436356 
020 |a 978-987-629-063-0 
040 |c Pontificia Universidad Católica de Valparaíso 
082 |2 22  |a 907.2 ROM 2008 
100 |a Romero, José Luis   |e selección  |e notas  |e cronología  |9 871545 
245 |a La vida histórica. 
250 |a Primera edición.  
260 |a Buenos Aires, Argentina:  |b Siglo XXI Editores,   |c 2008. 
300 |a 201 páginas.  
490 |a Historia y cultura.  
583 |k Cristina María Rojas Aguilar  |c 20220902 
650 0 |9 876209  |a Conocimiento histórico  |x Problematización  
650 0 |9 344844  |a Investigación histórica 
650 0 |9 876210  |a Hombre y pasado   |x Relación  
700 |9 876208  |a Romero, Luis Alberto  |e compilación de ensayos 
942 |2 ddc  |c BK 
952 |0 0  |1 0  |2 ddc  |4 0  |6 907_200000000000000_ROM_2008  |7 0  |8 A  |9 586511  |a BIBHIS  |b BIBHIS  |c GEN  |d 2022-08-30  |e 3  |g 12760.00  |i 5654478  |o 907.2 ROM 2008  |p 5654478  |r 2025-01-20  |t 1  |v 12760.00  |w 2022-08-30  |y BK  |k HIS